Encyclopedia of plant physiology. V 1. Transport in plants I. Phloem trasmnsport (Record no. 24564)

MARC details
000 -LEADER
fixed length control field 00981nam a2200349Ia 4500
082 ## - DEWEY DECIMAL CLASSIFICATION NUMBER
Classification number 581.1(03)
Item number ENC.1
100 ## - MAIN ENTRY--AUTHOR NAME
Personal name PIRSON, A
245 #0 - TITLE STATEMENT
Title Encyclopedia of plant physiology. V 1. Transport in plants I. Phloem trasmnsport
260 ## - PUBLICATION, DISTRIBUTION, ETC. (IMPRINT)
Place of publication Berlin
Name of publisher Springer Verglag
Year of publication 1975
505 ## - FORMATTED CONTENTS NOTE
Formatted contents note V 1.Ed by ZIMMERMANN, M HMILBURN< J A
650 ## - SUBJECT ADDED ENTRY--TOPICAL TERM
Topical Term Aphids
650 ## - SUBJECT ADDED ENTRY--TOPICAL TERM
Topical Term Bidirectional transport
650 ## - SUBJECT ADDED ENTRY--TOPICAL TERM
Topical Term Biochemistry
650 ## - SUBJECT ADDED ENTRY--TOPICAL TERM
Topical Term Electro osmotic flow
650 ## - SUBJECT ADDED ENTRY--TOPICAL TERM
Topical Term Mass transfer
650 ## - SUBJECT ADDED ENTRY--TOPICAL TERM
Topical Term Phloem exudation
650 ## - SUBJECT ADDED ENTRY--TOPICAL TERM
Topical Term Phloem loading
650 ## - SUBJECT ADDED ENTRY--TOPICAL TERM
Topical Term Phloem transport
650 ## - SUBJECT ADDED ENTRY--TOPICAL TERM
Topical Term Plant physiology
650 ## - SUBJECT ADDED ENTRY--TOPICAL TERM
Topical Term Pressure flow
650 ## - SUBJECT ADDED ENTRY--TOPICAL TERM
Topical Term Sealing system
650 ## - SUBJECT ADDED ENTRY--TOPICAL TERM
Topical Term Sieve element structure
650 ## - SUBJECT ADDED ENTRY--TOPICAL TERM
Topical Term Sieve tube
650 ## - SUBJECT ADDED ENTRY--TOPICAL TERM
Topical Term Solute
650 ## - SUBJECT ADDED ENTRY--TOPICAL TERM
Topical Term Streaming
650 ## - SUBJECT ADDED ENTRY--TOPICAL TERM
Topical Term Translocation
650 ## - SUBJECT ADDED ENTRY--TOPICAL TERM
Topical Term Translocation
650 ## - SUBJECT ADDED ENTRY--TOPICAL TERM
Topical Term Transported substance
700 ## - ADDED ENTRY--PERSONAL NAME
Personal name ZIMMERMANN, M H
942 ## - ADDED ENTRY ELEMENTS (KOHA)
Koha item type Books
Holdings
Withdrawn status Lost status Damaged status Not for loan Home library Current library Date acquired Full call number Accession Number Koha item type
        RRII Library RRII Library 16/12/2021 581.1(03) ENC.1 05245 Books